Flora of the cangas of Serra dos Carajás, Pará, Brazil: Orobanchaceae (Registro n. 331494)
[ somente texto ]
| 000 -LÍDER | |
|---|---|
| fixed length control field | 01940nab a2200241 i 4500 |
| 003 - CÓDIGO MARC DA AGÊNCIA CATALOGADORA | |
| Campo de controle | BR-BrBNA |
| 005 - DATA E HORA DA ÚLTIMA ATUALIZAÇÃO | |
| Campo de controle | 20250514112603.0 |
| 008 - CAMPO DE TAMANHO FIXO | |
| fixed length control field | 250514b2017 bl.qr|pooa||| 00| 0 eng | |
| 040 ## - FONTE DA CATALOGAÇÃO | |
| Agência catalogadora | BR-BrBNA |
| Idioma da catalogação | eng |
| 072 ## - CATEGORIA AGRIS | |
| Código AGRIS | F70 |
| 100 ## - ENTRADA PRINCIPAL - NOME PESSOAL | |
| Nome pessoal | Scatigna, André Vito |
| 100 ## - ENTRADA PRINCIPAL - NOME PESSOAL | |
| Nome pessoal | Mota, Nara Furtado de Oliveira |
| 245 ## - TÍTULO PRINCIPAL | |
| Título principal | Flora of the cangas of Serra dos Carajás, Pará, Brazil: Orobanchaceae |
| 500 ## - NOTA GERAL | |
| Nota geral | Publicação on-line; 10 ref.; 1 illus.; Summaries (En, Pt) |
| 942 ## - ADDED ENTRY ELEMENTS (KOHA) | |
| Koha item type | Analítica |
| 520 ## - NOTA DE RESUMO | |
| Nota de conteúdo | <br/><br/>Abstract<br/><br/>This is a taxonomic study of the representatives of Orobanchaceae from the cangas of Serra dos Carajás, Pará<br/>state, Brazil. We recorded Buchnera carajasensis and B. longifolia in Serra dos Carajás, but only the former<br/>occurs in areas of canga and will be treated in this work. Here we present a detailed description, photographs<br/>and notes on morphology, distribution and phenology of this species.<br/><br/>Key words: Amazon, FLONA Carajás, hemiparasitism, Scrophulariaceae, taxonomy.<br/><br/><br/><br/><br/>Resumo<br/><br/>Este é um estudo taxonômico dos representantes de Orobanchaceae das cangas da Serra dos Carajás, no<br/>estado do Pará, Brasil. Registramos Buchnera carajasensis e B. longifolia na Serra dos Carajás, mas apenas a<br/>primeira ocorre em áreas de canga e será tratada neste trabalho. Aqui apresentamos uma descrição detalhada,<br/>fotografias e comentários sobre morfologia, distribuição e fenologia desta espécie.<br/><br/>Palavras-chave: Amazônia, FLONA Carajás, hemiparasitismo, Scrophulariaceae, taxonomia. |
| 650 ## - ASSUNTO - THESAGRO | |
| Cabeçalho tópico ou nome geográfico | AMAZÔNIA |
| 650 ## - ASSUNTO - THESAGRO | |
| Cabeçalho tópico ou nome geográfico | CARAJÁS |
| 650 ## - ASSUNTO - THESAGRO | |
| Cabeçalho tópico ou nome geográfico | TAXONOMIA |
| 773 0# - ENTRADA ANALÍTICA | |
| Host Biblionumber | 709 |
| Registro do item | 350025 |
| Imprenta | Rio de Janeiro-RJ Jardim Botanico do Rio de Janeiro 1935 |
| Outro identificador | 2025-2634 |
| Título | Rodriguésia (Brazil) |
| ISSN | 0370-6583; 2175-7860 on-line |
| Colação | v. 68(3 special number) p. 1063-1065; (2017) |
| Número de controle de registro | BR2025000956 |
| 856 ## - ACESSO E ENDEREÇO ELETRÔNICO | |
| Identificador uniforme de recurso - URI | https://www.scielo.br/j/rod/a/M3H45j5stBLhbsHgGPXHccH/?format=pdf&lang=en |
Nenhum exemplar disponível.

BINAGRI